00506nam a2200157 a 4500008004100000020001800041050001400059100002200073245008400095250001300179260004300192300002600235350001100261650005600272700002000328170322s2014 ||||||||||||||||| || u a9781455740079 aRM 32 Cam aCameron, Andrew M10aCurrent surgical therepy.(11th ed.)cBy John L. Cameron [and] Andrew M. Cameron a11th ed. aPhiladelphia:bElsevier Saundersc2014 axxxviii, 1493p.: ill. a220.00 aOPERATIVE SURGERY--TECHNIQUE OF SURGICAL OPERATIONS aCameron, John L